Principles and Practice of Management Accountancy
Gespeichert in:
| 1. Verfasser: | |
|---|---|
| Weitere Verfasser: | |
| Format: | Buch |
| Sprache: | Englisch |
| Veröffentlicht: |
Estover
MacDonald and Evans
1975
|
| Ausgabe: | 1. ed. |
| Tags: |
Keine Tags, Fügen Sie das erste Tag hinzu!
|
MARC
| LEADER | 00000nam a2200000 4500 | ||
|---|---|---|---|
| 001 | c022429 | ||
| 005 | 20221220102459.1 | ||
| 041 | 0 | |a eng | |
| 044 | |a US | ||
| 245 | 1 | 0 | |a Principles and Practice of Management Accountancy |c J. Lewis Brown, Leslie R. Howard |
| 250 | |a 1. ed. | ||
| 264 | 1 | |a Estover |b MacDonald and Evans |c 1975 | |
| 300 | |a 756 s. | ||
| 100 | 1 | |a Brown, J. Lewis | |
| 700 | 1 | |a Howard, Leslie R. | |